[Event "FICGS rapid B 000151 email"]
[Site "FICGS email"]
[Date "2010.06.02"]
[Round "1"]
[White "Flores, Luis"]
[Black "Mascetra, Nicola"]
[Result "1-0"]
[WhiteElo "1802"]
[BlackElo "1863"]
[PlyCount "21"]
[EventDate "2010.??.??"]
[EventType "tourn (rapid)"]
[EventRounds "5"]
[SourceTitle "Corr 2013"]
[Source "ChessBase"]
[SourceDate "2012.11.12"]
[SourceVersion "1"]
[SourceVersionDate "2012.11.12"]
[SourceQuality "1"]

1. e4 c5 2. Nf3 Nc6 3. d4 cxd4 4. Nxd4 e5 5. Nb5 d6 6. N1c3 Nf6 7. Bg5 a6 8. Na3 Be6 9. Bxf6 gxf6 10. Nc4 Rg8 11. Nd5 1-0

[Event "FICGS W-ch st2 g03 email"]
[Site "FICGS email"]
[Date "2009.11.03"]
[Round "1"]
[White "Legrand, Stephane"]
[Black "Mascetra, Nicola"]
[Result "1-0"]
[WhiteElo "2222"]
[BlackElo "1914"]
[PlyCount "31"]
[EventDate "2009.??.??"]
[EventType "tourn (corr)"]
[EventRounds "8"]
[SourceTitle "Corr 2022"]
[Source "ChessBase"]
[SourceDate "2021.10.24"]
[SourceVersion "1"]
[SourceVersionDate "2021.10.24"]
[SourceQuality "1"]

1. d4 d5 2. c4 c6 3. e3 Nf6 4. Nd2 Bf5 5. Qb3 Qb6 6. Ne2 Qxb3 7. axb3 e6 8. Ng3 Bg6 9. c5 Be7 10. b4 h5 11. h4 Bd8 12. Nb3 a6 13. f3 Nbd7 14. Kf2 Bc7 15. b5 cxb5 16. Bxb5 1-0

[Event "FICGS W-ch st2 g03 email"]
[Site "FICGS email"]
[Date "2009.11.03"]
[Round "1"]
[White "Mascetra, Nicola"]
[Black "Riccio, Domenico"]
[Result "1/2-1/2"]
[WhiteElo "1914"]
[BlackElo "2189"]
[PlyCount "62"]
[EventDate "2009.??.??"]
[EventType "tourn (corr)"]
[EventRounds "8"]
[SourceTitle "Corr 2022"]
[Source "ChessBase"]
[SourceDate "2021.10.24"]
[SourceVersion "1"]
[SourceVersionDate "2021.10.24"]
[SourceQuality "1"]

1. d4 d5 2. c4 c6 3. e3 Nf6 4. Nf3 e6 5. Bd3 Nbd7 6. Nc3 dxc4 7. Bxc4 b5 8. Bd3 Bb7 9. 0-0 a6 10. e4 c5 11. d5 c4 12. Bc2 Qc7 13. Nd4 Nc5 14. Qe2 0-0-0 15. Rd1 b4 16. e5 bxc3 17. exf6 Bxd5 18. fxg7 Bxg7 19. bxc3 Rhg8 20. g3 h5 21. Bh7 Rh8 22. Bc2 Rhg8 23. Bh7 h4 24. Bxg8 Rxg8 25. Nf5 hxg3 26. fxg3 Nd3 27. Nxg7 Rxg7 28. Rxd3 cxd3 29. Qxd3 Bb7 30. Kf2 f6 31. Be3 Rd7 1/2-1/2

[Event "FICGS class C 000075 email"]
[Site "FICGS email"]
[Date "2009.05.02"]
[Round "1"]
[White "Mascetra, Nicola"]
[Black "Vasquez, Fernando Jose Pinto"]
[Result "1-0"]
[WhiteElo "1897"]
[BlackElo "1947"]
[PlyCount "59"]
[EventDate "2009.??.??"]
[EventType "tourn (corr)"]
[EventRounds "1"]
[SourceTitle "Corr 2022"]
[Source "ChessBase"]
[SourceDate "2021.10.24"]
[SourceVersion "1"]
[SourceVersionDate "2021.10.24"]
[SourceQuality "1"]

1. e4 e5 2. Nf3 Nf6 3. Nxe5 d6 4. Nf3 Nxe4 5. Nc3 Nxc3 6. dxc3 Be7 7. Bd3 0-0 8. 0-0 Nc6 9. Re1 Bf6 10. Bf4 Be6 11. a4 Re8 12. Be4 h6 13. Qd3 Qd7 14. Rad1 a6 15. b3 g5 16. Be3 d5 17. Bxd5 Bxd5 18. Qxd5 Qxd5 19. Rxd5 Bxc3 20. Red1 Rad8 21. Rxd8 Rxd8 22. Rxd8+ Nxd8 23. Kf1 Ne6 24. Ke2 f5 25. Kd3 Bf6 26. g3 Kf7 27. Kc4 Ke7 28. Kd5 c6+ 29. Kc4 g4 30. Ne1 1-0

[Event "FICGS W-ch st1 g16 email"]
[Site "FICGS email"]
[Date "2009.02.22"]
[Round "1"]
[White "Huntley, Theron"]
[Black "Mascetra, Nicola"]
[Result "0-1"]
[WhiteElo "1483"]
[BlackElo "1859"]
[PlyCount "38"]
[EventDate "2009.??.??"]
[EventType "tourn (corr)"]
[EventRounds "8"]
[SourceTitle "Corr 2022"]
[Source "ChessBase"]
[SourceDate "2021.10.24"]
[SourceVersion "1"]
[SourceVersionDate "2021.10.24"]
[SourceQuality "1"]

1. d4 d5 2. c4 Nc6 3. Nc3 e6 4. Nf3 Nf6 5. Bg5 Bb4 6. Qc2 h6 7. Bxf6 Qxf6 8. a3 Bxc3+ 9. Qxc3 0-0 10. e3 Re8 11. Bd3 e5 12. dxe5 Nxe5 13. Nxe5 Qxe5 14. cxd5 Qxd5 15. 0-0 Qe5 16. Qxe5 Rxe5 17. Rac1 c6 18. Rfd1 Kf8 19. Bb1 Be6 0-1

[Event "FICGS W-ch st1 g16 email"]
[Site "FICGS email"]
[Date "2009.02.22"]
[Round "1"]
[White "Ivanchenkov, Denis"]
[Black "Mascetra, Nicola"]
[Result "0-1"]
[WhiteElo "1891"]
[BlackElo "1859"]
[PlyCount "24"]
[EventDate "2009.??.??"]
[EventType "tourn (corr)"]
[EventRounds "8"]
[SourceTitle "Corr 2022"]
[Source "ChessBase"]
[SourceDate "2021.10.24"]
[SourceVersion "1"]
[SourceVersionDate "2021.10.24"]
[SourceQuality "1"]

1. d4 d5 2. c4 e5 3. dxe5 d4 4. Nf3 Nc6 5. g3 f6 6. exf6 Nxf6 7. b3 Bb4+ 8. Nbd2 Ne4 9. Bg2 Nc3 10. Qc2 0-0 11. Kf1 Bf5 12. Qb2 Nd1 0-1

[Event "FICGS class C 000063 email"]
[Site "FICGS email"]
[Date "2008.11.29"]
[Round "1"]
[White "Lopez, Victor"]
[Black "Mascetra, Nicola"]
[Result "1/2-1/2"]
[WhiteElo "1906"]
[BlackElo "1937"]
[PlyCount "61"]
[EventDate "2008.??.??"]
[EventType "tourn (corr)"]
[EventRounds "1"]
[SourceTitle "Corr 2022"]
[Source "ChessBase"]
[SourceDate "2021.10.24"]
[SourceVersion "1"]
[SourceVersionDate "2021.10.24"]
[SourceQuality "1"]

1. e4 e5 2. Nf3 Nc6 3. Bc4 Bc5 4. c3 Nf6 5. d3 d6 6. 0-0 h6 7. Nbd2 a5 8. h3 0-0 9. Re1 a4 10. Nf1 Be6 11. Bb5 a3 12. b4 Bb6 13. N1d2 Qc8 14. Qe2 Ne7 15. d4 c6 16. Bd3 Ng6 17. Nc4 Bxc4 18. Bxc4 Re8 19. dxe5 Nxe5 20. Nxe5 Rxe5 21. Bd3 Nxe4 22. Bxe4 f5 23. Qc4+ Kh7 24. Bxh6 fxe4 25. Be3 d5 26. Qe2 Bxe3 27. fxe3 Rg5 28. Kh1 Qe6 29. Rf1 Qe5 30. Qd2 Re8 31. Rf7 1/2-1/2

[Event "FICGS W-ch st1 g09 email"]
[Site "FICGS email"]
[Date "2008.07.08"]
[Round "1"]
[White "Boucher, Brice"]
[Black "Mascetra, Nicola"]
[Result "0-1"]
[WhiteElo "1478"]
[BlackElo "1846"]
[PlyCount "36"]
[EventDate "2008.??.??"]
[EventType "tourn (corr)"]
[EventRounds "8"]
[SourceTitle "Corr 2022"]
[Source "ChessBase"]
[SourceDate "2021.10.24"]
[SourceVersion "1"]
[SourceVersionDate "2021.10.24"]
[SourceQuality "1"]

1. e4 e5 2. Nf3 Nc6 3. Be2 Nf6 4. Nc3 d5 5. Nxd5 Nxd5 6. exd5 Qxd5 7. d3 Be7 8. 0-0 0-0 9. Kh1 Bf5 10. Be3 Rad8 11. Qc1 h6 12. a3 Bf6 13. Rd1 Rfe8 14. Qd2 Qe6 15. Qe1 Nd4 16. Bxd4 exd4 17. Bf1 Qc6 18. Qb4 Bg4 0-1

[Event "FICGS W-ch st1 g09 email"]
[Site "FICGS email"]
[Date "2008.07.08"]
[Round "1"]
[White "Dorin, Iacob"]
[Black "Mascetra, Nicola"]
[Result "1-0"]
[WhiteElo "1936"]
[BlackElo "1846"]
[PlyCount "93"]
[EventDate "2008.??.??"]
[EventType "tourn (corr)"]
[EventRounds "8"]
[SourceTitle "Corr 2022"]
[Source "ChessBase"]
[SourceDate "2021.10.24"]
[SourceVersion "1"]
[SourceVersionDate "2021.10.24"]
[SourceQuality "1"]

1. Nf3 d5 2. d4 Nf6 3. g3 e6 4. Bg2 c5 5. 0-0 cxd4 6. Nxd4 e5 7. Nb3 Be7 8. Nc3 d4 9. Ne4 0-0 10. e3 Nxe4 11. Bxe4 dxe3 12. Bxe3 Nd7 13. Qd3 Nf6 14. Qxd8 Rxd8 15. Bg2 Rd7 16. Rfe1 Rc7 17. c3 Be6 18. Rad1 h6 19. h3 a5 20. Bb6 Rd7 21. Nxa5 e4 22. Rxd7 Nxd7 23. Bc7 f5 24. Bf1 Kf7 25. Rd1 Nf6 26. b4 e3 27. Bg2 Ne4 28. Bxe4 exf2+ 29. Kxf2 fxe4 30. a4 Bxh3 31. Nxb7 Rxa4 32. Nd6+ Bxd6 33. Rxd6 Ra2+ 34. Ke3 Rc2 35. Rc6 Bf1 36. Kxe4 Bg2+ 37. Kd3 Bxc6 38. Kxc2 g5 39. c4 Ke8 40. Bb6 h5 41. Bf2 Ke7 42. Kd3 Kd6 43. Be3 h4 44. Bxg5 h3 45. Bf4+ Ke6 46. g4 Bg2 47. Bh2 1-0

[Event "FICGS W-ch st1 g09 email"]
[Site "FICGS email"]
[Date "2008.07.08"]
[Round "1"]
[White "Mascetra, Nicola"]
[Black "Bernal Varela, Nelson"]
[Result "0-1"]
[WhiteElo "1846"]
[BlackElo "2078"]
[PlyCount "92"]
[EventDate "2008.??.??"]
[EventType "tourn (corr)"]
[EventRounds "8"]
[SourceTitle "Corr 2022"]
[Source "ChessBase"]
[SourceDate "2021.10.24"]
[SourceVersion "1"]
[SourceVersionDate "2021.10.24"]
[SourceQuality "1"]

1. d4 Nf6 2. c4 e6 3. Nc3 Bb4 4. e3 0-0 5. Nf3 b6 6. Bd3 Bb7 7. 0-0 Bxc3 8. bxc3 Re8 9. h3 Be4 10. Ne5 Bxd3 11. Qxd3 d6 12. Nf3 e5 13. dxe5 dxe5 14. Qxd8 Rxd8 15. Nxe5 Ne4 16. f3 f6 17. fxe4 fxe5 18. Ba3 c5 19. Rad1 Nc6 20. Rd5 Na5 21. Rfd1 Rdc8 22. Bc1 Nxc4 23. Kf1 a6 24. Ke2 Rc6 25. Rd8+ Rxd8 26. Rxd8+ Kf7 27. Ra8 Rg6 28. Ra7+ Ke8 29. Kf3 a5 30. Rb7 Rd6 31. Ke2 Rd7 32. Rb8+ Kf7 33. a4 Kf6 34. g3 h6 35. Rf8+ Ke6 36. Rb8 Ke7 37. g4 Kf6 38. h4 Kf7 39. Ra8 Nd6 40. Kd3 Ne8+ 41. Kc2 Nf6 42. Rb8 Rd6 43. Rb7+ Kg6 44. h5+ Kh7 45. Rf7 Re6 46. Kb3 Nxg4 0-1

[Event "FICGS W-ch st1 g09 email"]
[Site "FICGS email"]
[Date "2008.07.08"]
[Round "1"]
[White "Mascetra, Nicola"]
[Black "Davis, Mark"]
[Result "1-0"]
[WhiteElo "1846"]
[BlackElo "1600"]
[PlyCount "31"]
[EventDate "2008.??.??"]
[EventType "tourn (corr)"]
[EventRounds "8"]
[SourceTitle "Corr 2022"]
[Source "ChessBase"]
[SourceDate "2021.10.24"]
[SourceVersion "1"]
[SourceVersionDate "2021.10.24"]
[SourceQuality "1"]

1. d4 d5 2. c4 Nf6 3. Nc3 e6 4. Nf3 Bb4 5. cxd5 Nxd5 6. Qd3 Nc6 7. e4 0-0 8. exd5 exd5 9. Be2 Bg4 10. Ng5 Re8 11. Qxh7+ Kf8 12. Qh8+ Ke7 13. Qxg7 Bxe2 14. Qxf7+ Kd6 15. Qxd5+ Ke7 16. Qe6+ 1-0

[Event "FICGS W-ch st1 g09 email"]
[Site "FICGS email"]
[Date "2008.07.08"]
[Round "1"]
[White "Mascetra, Nicola"]
[Black "Mach, Jiri"]
[Result "1-0"]
[WhiteElo "1846"]
[BlackElo "1261"]
[PlyCount "53"]
[EventDate "2008.??.??"]
[EventType "tourn (corr)"]
[EventRounds "8"]
[SourceTitle "Corr 2022"]
[Source "ChessBase"]
[SourceDate "2021.10.24"]
[SourceVersion "1"]
[SourceVersionDate "2021.10.24"]
[SourceQuality "1"]

1. d4 Nf6 2. c4 c5 3. d5 b5 4. cxb5 a6 5. e3 g6 6. Nc3 Bg7 7. Nf3 0-0 8. Qb3 Qb6 9. a4 axb5 10. Bxb5 e6 11. e4 exd5 12. e5 Ne4 13. Nxe4 dxe4 14. Ng5 Bb7 15. 0-0 Nc6 16. Qh3 h5 17. Be3 Nxe5 18. Rac1 Rac8 19. b4 d6 20. bxc5 dxc5 21. Qg3 Rfd8 22. Rb1 Qd6 23. a5 Qe7 24. a6 Bd5 25. Rfd1 c4 26. a7 Nd3 27. Nh3 1-0

[Event "FICGS W-ch st1 g09 email"]
[Site "FICGS email"]
[Date "2008.07.08"]
[Round "1"]
[White "Mascetra, Nicola"]
[Black "Tommasi, Giancarlo"]
[Result "0-1"]
[WhiteElo "1846"]
[BlackElo "1800"]
[PlyCount "66"]
[EventDate "2008.??.??"]
[EventType "tourn (corr)"]
[EventRounds "8"]
[SourceTitle "Corr 2022"]
[Source "ChessBase"]
[SourceDate "2021.10.24"]
[SourceVersion "1"]
[SourceVersionDate "2021.10.24"]
[SourceQuality "1"]

1. d4 f5 2. Nf3 Nf6 3. g3 e6 4. Bg2 d5 5. 0-0 Bd6 6. c4 c6 7. b3 Qe7 8. Bg5 0-0 9. Nc3 Nbd7 10. e3 b6 11. Ne2 Ba6 12. Qc2 Rac8 13. Rac1 c5 14. Qd3 cxd4 15. exd4 h6 16. Bf4 Ba3 17. Rc2 Rfd8 18. Bd2 Ne4 19. Rb1 Kh7 20. Bc1 Qb4 21. Nf4 dxc4 22. Qe3 Ndf6 23. Bxa3 Qxa3 24. Ne5 cxb3 25. Rxc8 Rxc8 26. axb3 Rc2 27. Qe1 Nxf2 28. Ra1 Qb2 29. Rb1 Qxd4 30. Nf3 Qd6 31. Qe5 Qxe5 32. Nxe5 Bc8 33. Neg6 N2g4 0-1

[Event "FICGS class C 000074 email"]
[Site "FICGS email"]
[Date "2008.02.25"]
[Round "1"]
[White "Stephen, Zack"]
[Black "Mascetra, Nicola"]
[Result "0-1"]
[WhiteElo "1800"]
[BlackElo "1800"]
[PlyCount "28"]
[EventDate "2008.??.??"]
[EventType "tourn (corr)"]
[EventRounds "4"]
[SourceTitle "Corr 2022"]
[Source "ChessBase"]
[SourceDate "2021.10.24"]
[SourceVersion "1"]
[SourceVersionDate "2021.10.24"]
[SourceQuality "1"]

1. e4 e5 2. Nf3 Nc6 3. Bb5 Nf6 4. 0-0 Bc5 5. c3 0-0 6. d4 Bb6 7. Bg5 h6 8. Bh4 exd4 9. Qc1 d6 10. Bxc6 bxc6 11. cxd4 g5 12. Nxg5 Nxe4 13. Nf3 Qd7 14. Qxh6 f5 0-1

[Event "FICGS class D 000080 email"]
[Site "FICGS email"]
[Date "2008.02.23"]
[Round "1"]
[White "Denchev, Stanimir"]
[Black "Mascetra, Nicola"]
[Result "0-1"]
[WhiteElo "1595"]
[BlackElo "1800"]
[PlyCount "44"]
[EventDate "2008.??.??"]
[EventType "tourn (corr)"]
[EventRounds "6"]
[SourceTitle "Corr 2022"]
[Source "ChessBase"]
[SourceDate "2021.10.24"]
[SourceVersion "1"]
[SourceVersionDate "2021.10.24"]
[SourceQuality "1"]

1. d4 d5 2. c4 Nf6 3. cxd5 c6 4. dxc6 Nxc6 5. Nf3 e5 6. dxe5 Qxd1+ 7. Kxd1 Ng4 8. Ke1 Bc5 9. e3 Ngxe5 10. Nxe5 Nxe5 11. Bb5+ Ke7 12. Bd2 Bf5 13. Ke2 a6 14. Ba4 Bd3+ 15. Ke1 b5 16. Bb3 b4 17. f3 Rhd8 18. a3 a5 19. a4 Rac8 20. Bc1 Ba6 21. Kf2 Nd3+ 22. Kg3 Nxc1 0-1